000 01127nam a22002057a 4500
003 OSt
005 20250624110119.0
008 250514s2004 sp ||||| |||| 00| 1 spa d
020 _a9788498678482
040 _cost
100 0 _aArnaldur Indriðason,
_d1961-
245 1 3 _aEl hombre del lago /
_cArnaldur Indridason ; traducción de Enrique Bernárdez
250 _a1a ed.
260 _aBarcelona :
_bRBA,
_c2010
300 _a349 p.
490 0 _aSerie negra
520 _aEl nivel del lago Kleifarvatn ha bajado tras un terremoto y dejado al descubierto un esqueleto con un agujero en el cráneo. A modo de lastre, el cadáver lleva atada una vieja radio rusa. El inspector Erlendur, que se encarga del caso, empieza a conectar las diferentes pistas existentes: un vendedor desaparecido muchos años atrás y un grupo de estudiantes idealistas que marchó a estudiar a Leipzig en la era comunista. Los misterios y los errores del pasado enterrados desde hace tiempo empiezan a aflorar tras el bramido de la tierra islandesa. [Nota de contratapa]
650 4 _aLiteratura islandesa
_vNovela
_ySiglo XXI
942 _2udc
_cOG
_n0
999 _c483
_d483